000 00364pab a2200157 454500
008 180718b2014 xxu||||| |||| 00| 0 eng d
100 _aBhosale, B.V.
245 _aInformal sector: Issues of work and livelihood
260 _c2014
300 _ap.36-39.
362 _aOct
650 _aInformal sector
773 _aYojana
908 _aN
909 _a106198
999 _c106193
_d106193